| 000 | 00944cam a2200301 i 4500 | ||
|---|---|---|---|
| 001 | 47719 | ||
| 003 | Mx-PuUPA | ||
| 005 | 20230817103114.0 | ||
| 008 | 140415s1999 sp gr 000 d spa d | ||
| 020 | _a8475670105 | ||
| 040 |
_aMx-PuUPA _bspa _cMx-PuUPA _dMx-PuUPA _erda |
||
| 041 | 0 | _aspa | |
| 100 | 1 |
_aRojas, Fernando de, _d-1541 _eautor _92494 |
|
| 245 | 1 | 3 |
_aLa celestina : _btragicomedia de Calisto y Melibea / _cFernando de Rojas |
| 246 | 1 | 0 | _aTragicomedia de Calisto y Melibea |
| 264 | 1 |
_aMadrid : _bEditorial ALBA, _c1999 |
|
| 300 |
_a256 páginas ; _c18 cm |
||
| 336 |
_atexto _2rdaconten _btxt |
||
| 337 |
_asin medio _2rdamedia _bn |
||
| 338 |
_avolumen _2rdacarrier _bnc |
||
| 650 | 7 |
_aTeatro español _2armarc |
|
| 650 | 7 |
_aComedia _2armarc |
|
| 655 | 7 |
_2armarc _aLiteratura medieval |
|
| 700 |
_aRojas, Fernando _eautor |
||
| 942 |
_2ddc _cLI _h862 _iR7413 |
||
| 999 |
_c47719 _d47719 |
||